A few of the girls (Record no. 206785)
[ view plain ]
| 000 -LEADER | |
|---|---|
| fixed length control field | 01991nam a22003738i 4500 |
| 001 - CONTROL NUMBER | |
| control field | sky279545003 |
| 003 - CONTROL NUMBER IDENTIFIER | |
| control field | SKY |
| 005 - DATE AND TIME OF LATEST TRANSACTION | |
| control field | 20170807132608.0 |
| 008 - FIXED-LENGTH DATA ELEMENTS--GENERAL INFORMATION | |
| fixed length control field | 151218t20162015meu d 000 1 eng |
| 010 ## - LIBRARY OF CONGRESS CONTROL NUMBER | |
| LC control number | 2015050161 |
| 020 ## - INTERNATIONAL STANDARD BOOK NUMBER | |
| International Standard Book Number | 9781410486189 (hardback) |
| 020 ## - INTERNATIONAL STANDARD BOOK NUMBER | |
| International Standard Book Number | 1410486184 (hardcover) |
| 040 ## - CATALOGING SOURCE | |
| Original cataloging agency | DLC |
| Language of cataloging | eng |
| Description conventions | rda |
| Transcribing agency | DLC |
| Modifying agency | SKYRV |
| 042 ## - AUTHENTICATION CODE | |
| Authentication code | pcc |
| 050 10 - LIBRARY OF CONGRESS CALL NUMBER | |
| Classification number | PR6052.I7728 |
| Item number | A6 2016b |
| 082 00 - DEWEY DECIMAL CLASSIFICATION NUMBER | |
| Classification number | 823/.914 |
| Edition number | 23 |
| 092 ## - LOCALLY ASSIGNED DEWEY CALL NUMBER (OCLC) | |
| Classification number | LRG |
| 100 1# - MAIN ENTRY--PERSONAL NAME | |
| Personal name | Binchy, Maeve, |
| Dates associated with a name | 1940-2012, |
| Relator term | author. |
| 9 (RLIN) | 5701848 |
| 240 10 - UNIFORM TITLE | |
| Uniform title | <a href="Short stories.">Short stories.</a> |
| Form subheading | Selections. |
| 245 12 - TITLE STATEMENT | |
| Title | A few of the girls |
| Medium | [text (large print)] : |
| Remainder of title | stories / |
| Statement of responsibility, etc | Maeve Binchy. |
| 250 ## - EDITION STATEMENT | |
| Edition statement | Large print edition. |
| 264 #1 - Production, Publication, Distribution, Manufacture, and Copyright Notice. | |
| Place of production, publication, distribution, manufacture | Waterville, Maine : |
| Name of producer, publisher, distributor, manufacturer | Thorndike Press Large Print, |
| Date of production, publication, distribution, manufacture, or copyr | 2016 |
| 264 #4 - Production, Publication, Distribution, Manufacture, and Copyright Notice. | |
| Date of production, publication, distribution, manufacture, or copyr | 2016 |
| 300 ## - PHYSICAL DESCRIPTION | |
| Extent | 513 pages (large print) ; |
| Dimensions | 23 cm. |
| 336 ## - Content Type | |
| Content type term | text |
| 337 ## - Media type | |
| Media type term | unmediated |
| 338 ## - Carrier type | |
| Carrier type term | volume |
| 490 0# - SERIES STATEMENT | |
| Series statement | Thorndike Press large print basic. |
| 505 20 - FORMATTED CONTENTS NOTE | |
| Title | Falling apart -- |
| -- | Picnic at St. Paul's -- |
| -- | Someone's got to tell her -- |
| -- | Foul-weather friend -- |
| -- | Giving up men -- |
| -- | Living well -- |
| -- | Chalk and cheese -- |
| -- | Few of the girls -- |
| -- | Bargain -- |
| -- | Afternoon phone-in -- |
| -- | Audrey -- |
| -- | Kiss me, Kate -- |
| -- | Forgiving -- |
| -- | New Year's Eve and the garden -- |
| -- | Sensible celebration -- |
| -- | Mirror -- |
| -- | Mr. Mangan -- |
| -- | Tactful conversation -- |
| -- | Afterthought -- |
| -- | Bella and the marriage guidance counselor -- |
| -- | Premonitions -- |
| -- | Big decision in Brussels -- |
| -- | Custardy case -- |
| -- | Be prepared -- |
| -- | Result -- |
| -- | Broken china -- |
| -- | No tears in the Tivoli -- |
| -- | Consultant aunt -- |
| -- | Getting Grace to be reasonable -- |
| -- | Decision making at Christmas -- |
| -- | Catering for love -- |
| -- | Winter's tale -- |
| -- | Dream holiday -- |
| -- | Sandra's suitcase -- |
| -- | Canary valentine -- |
| -- | Half of ninety. |
| 520 ## - SUMMARY, ETC. | |
| Summary, etc | Friendship, love, and misplaced hope drive the characters who populate a new collection of Maeve Binchy stories. |
| 655 #7 - INDEX TERM--GENRE/FORM | |
| Genre/form data or focus term | Large type books |
| Source of term | lcgft. |
| 9 (RLIN) | 5673625 |
| 907 ## - LOCAL DATA ELEMENT G, LDG (RLIN) | |
| a | .b343218963 |
| 942 ## - ADDED ENTRY ELEMENTS (KOHA) | |
| Source of classification or shelving scheme | Dewey Decimal Classification |
| Koha item type | BOOK |
| Withdrawn status | Lost status | Source of classification or shelving scheme | Damaged status | Not for loan | Collection code | Home library | Current library | Shelving location | Date acquired | Source of acquisition | Cost, normal purchase price | Total Checkouts | Total Renewals | Full call number | Barcode | Checked out | Date last seen | Date checked out | Cost, replacement price | Price effective from | Koha item type |
|---|---|---|---|---|---|---|---|---|---|---|---|---|---|---|---|---|---|---|---|---|---|
| Dewey Decimal Classification | Large Print | Wasatch County Library | Wasatch County Library | First Floor | 03/30/2016 | Gale | 38.99 | 15 | 4 | F Binchy | 34301001467358 | 04/07/2026 | 02/06/2026 | 02/06/2026 | 38.99 | 03/20/2020 | BOOK |
